000 00654nam a2200217Ia 4500
005 20260429112010.0
008 260429s9999||||xx |||||||||||||| ||und||
020 _a9781041013785
041 _aEnglish
082 _a364.38
_bALE
100 _aAlexander-Passe, Neil
245 0 _aAutism awareness and crime :
_binvestigating the school-to-prison pipeline /
_cNeil Alexander-Passe
250 _a1st ed.
260 _aNew Delhi :
_bRoutledge,
_c2026.
300 _axviii, 234 p.; pbk
650 _a Crime and society
650 _a School-to-prison pipeline
650 _a Special education
650 _aAutism spectrum disorders
942 _cTB
999 _c51817
_d51817